00417nam a2200157Ia 4500003000400000008004100004040001600045082001300061100001800074245006600092260003000158300001000188490002400198650001500222650002200237GCL140319s9999 xx 000 0 eng d aGCL / cGCL04a843bA L1 aANOUILH, JEAN10aLE RENDEZ-VOUS DE SENLIS: SUIVI DE LEOCADIA / cANOUILH, JEAN a[S.N] : bFOLIO ، c1991 a241 P aCOLLECTION FOLIOv004aLITERATURE04aFRENCH LITERATURE